| 000 | 00491nam a2200181Ia 4500 | ||
|---|---|---|---|
| 001 | 24698 | ||
| 005 | 20260414151100.0 | ||
| 008 | 260414t2013||||xx |||||||||||||| ||spa|| | ||
| 041 | _aESP | ||
| 082 |
_a345.725 _bC261 |
||
| 100 |
_aCoaguila Valdivia, Jaime _eAUT |
||
| 245 | 0 |
_aLos derechos del imputado y la tutela de derechos en el nuevo código procesal civil _b |
|
| 260 | _c2013 | ||
| 300 |
_a263 páginas : _c24 cm. |
||
| 650 | _aDER | ||
| 654 | _aCDE | ||
| 942 |
_cLIB _dJUS _fJUS _2ddc _n |
||
| 999 |
_c24698 _d24698 |
||